| 000 | 00859aam a2200337a 44500 | ||
|---|---|---|---|
| 008 | 930106s1984 cat | ||
| 041 | _acat | ||
| 080 | _a96(038) | ||
| 100 |
_aPortella Coll, Josep _966685 |
||
| 245 | _aJocs populars II | ||
| 245 | _cJosep Portella Coll | ||
| 260 | _a[Ciutadella] | ||
| 260 | _bCol.lectiu Folklòric Ciutadella | ||
| 260 | _c1984 | ||
| 300 |
_a62 p. _bil. _c21 cm. |
||
| 490 |
_aQuaderns de Folklore; _v15-16 |
||
| 520 | _a202 | ||
| 546 | _acatalà | ||
| 591 | _a2163 | ||
| 592 | _aObra terminològica | ||
| 593 | _aVT | ||
| 594 | _a2163 | ||
| 650 |
_ajocs _965171 |
||
| 710 |
_aMenorca. Consell Insular _966686 |
||
| 830 |
_aQuaderns de Folklore; _v15-16 _964154 |
||
| 901 | _c[<1984>] | ||
| 902 | _a930106 | ||
| 942 |
_cMO _n0 |
||
| 999 |
_c55518 _d55518 |
||